De quel jeu de société est une extension ? - Statistiques

Statistiques générales
  • Ce quiz a été pris 3 fois
  • Le résultat moyen est 4 sur 20
Statistiques - réponses
ExtensionE Jeu % Correct
Auberges et Cathédrales Carcassonne
100%
Edifice 7 Wonders
67%
Mosaique éclatante Azul
33%
Villes et Chevaliers Catan
33%
Marshal et Prisonniers Colt Express
33%
Imploding Kittens Exploding Kittens
33%
USA 1910 Les Aventuriers du Rail
33%
La fin est proche! Villainous
33%
Mondes Marins Ark
0%
Armés & Dangereux Bang!
0%
Mirrors Dixit
0%
Insurrection Dune Imperium
0%
Bellfaire Everdell
0%
Lisière de forêt Forêt Mixte
0%
Poudre noire Hanabi
0%
Nouvelle Lune Les Loups-garous de Thiercelieux
0%
Extra Salt Sea Salt & Paper
0%
Correspondances Sur les trace de Darwin
0%
Expédition Arès Terraforming Mars
0%
Le complément naturel TTMC
0%
Aucun quiz correspondant
Distribution des résultats
% des personnes avec chaque résultat
Percentile par nombre de réponses
Votre historique - résultats
Vous n’avez pas pris ce quiz